[Event "IBM-C"]
[Site "Amsterdam"]
[Date "1980.??.??"]
[Round "?"]
[White "Formanek, Edward W"]
[Black "Scheeren, Peter"]
[Result "1/2-1/2"]
[WhiteElo "2400"]
[BlackElo "2360"]

1.e4 e5 2.Nf3 Nc6 3.Bb5 a6 4.Ba4 Nf6 5.O-O Be7 6.Re1 b5 7.Bb3 d6 8.c3 O-O
9.h3 Bb7 10.d4 Re8 11.Nbd2 Bf8 12.a4 exd4 13.cxd4 Na5 14.Bc2 c5 15.axb5 axb5
16.d5 Qc7 17.b3 g6 18.Bb2 Bg7 19.Ra3 Reb8 20.Qa1 Qd8 21.Qa2 Ra7 22.Bd3 b4
23.Ra4 Bc8 24.Ra1 Rba8 25.Qb1 Bd7 26.R4a2 Qb8 27.Nh2 Nb7 28.Nc4 Bb5 29.Rxa7 Rxa7
30.Nf1 Bxc4 31.Bxc4 Nd7 32.Bxg7 Kxg7 33.Qb2+ f6 34.Bb5 Nf8 35.Ne3 h5 36.g4 hxg4
37.Nxg4 Nh7 38.h4 Nd8 39.Be8 Re7 40.Qc1 g5 41.Bh5 Nf7 42.Bxf7 Rxf7 43.Kg2 gxh4
44.Qh6+ Kg8 45.Qxh4 Rg7 46.Kh2 Kh8 47.f3 Rg6 48.Qh5 Rg5 49.Qh6 Rg7 50.Nxf6 Qf8
51.Ng4 Qxf3 52.Ra8+ Rg8 53.Rxg8+ Kxg8 54.Qe6+ Kg7 55.Qh6+ Kh8 56.Qg6 Qf4+
57.Kg2 Qd2+ 58.Nf2 Qf4 59.Nd3 Qd2+ 60.Nf2  1/2-1/2

[Event "Baku"]
[Site "Baku"]
[Date "1980.??.??"]
[Round "12"]
[White "Zaitsev, Igor A"]
[Black "Torre, Eugenio"]
[Result "0-1"]
[WhiteElo "2490"]
[BlackElo "2520"]

1.e4 e5 2.Nf3 Nc6 3.Bb5 a6 4.Ba4 Nf6 5.O-O Be7 6.Re1 b5 7.Bb3 d6 8.c3 O-O
9.h3 Bb7 10.d4 Re8 11.Nbd2 Bf8 12.a4 h6 13.Bc2 Nb8 14.Nh4 Nbd7 15.Nf5 g6
16.Ng3 c5 17.d5 c4 18.b3 cxb3 19.Nxb3 Qc7 20.Re3 Nb6 21.Rf3 Nfd7 22.a5 Nc4
23.h4 Bg7 24.h5 Bc8 25.Bd3 Nf6 26.Be2 Kh7 27.Rd3 Bd7 28.Ra2 Rac8 29.Bf3 Rf8
30.Be2 Rfe8 31.Ra1 Qd8 32.Ra2 Ng8 33.Rf3 Bf6 34.Nf1 Kg7 35.Ne3 Nxe3 36.Bxe3 Bg5
37.Bxg5 Qxg5 38.Rg3 Qh4 39.hxg6 fxg6 40.Bh5 Ne7 41.Bg4 Bxg4 42.Rxg4 Qh5 43.Rc2 Ng8
44.f3 Nf6 45.Rg3 Qh4 46.Rh3 Qg5 47.Qe1 Nh5 48.Rh4 Rc7 49.Rg4 Qe7 50.Nc1 Rec8
51.Nd3 Rc4 52.Nb2 Qa7+ 53.Kh2 Rb4 54.Qd2 Rb3 55.Nd1 Kh7 56.Ne3 Rb1 57.Rh4 Ra1
58.Rc1 Rxc1 59.Qxc1 Qf7 60.Qd2 Qf6 61.Nf5 Qg5 62.Qxg5 hxg5 63.Nxd6 Rxc3 64.Rg4 Kg7
65.Rxg5 Kf6 66.f4 Nxf4 67.Nxb5 Rc5  0-1

[Event "Krasnojarsk"]
[Site "Krasnojarsk"]
[Date "1980.??.??"]
[Round "?"]
[White "Timoshchenko, Gennadi A"]
[Black "Polovodin, Igor A"]
[Result "1-0"]
[WhiteElo "2530"]
[BlackElo "2420"]

1.e4 e5 2.Nf3 Nc6 3.Bb5 a6 4.Ba4 Nf6 5.O-O Be7 6.Re1 b5 7.Bb3 d6 8.c3 O-O
9.h3 Bb7 10.d4 Re8 11.Nbd2 Bf8 12.Bc2 Nb8 13.a4 Nbd7 14.Bd3 c6 15.Qc2 g6
16.Nf1 Bg7 17.Ng3 Qc7 18.Bg5 d5 19.Nxe5 Nxe5 20.dxe5 Qxe5 21.Qd2 dxe4 22.Nxe4 Nxe4
23.Bxe4 Qc7 24.Bf4 Rad8 25.Bxc7 Rxd2 26.Bf3 Rc8 27.axb5 axb5 28.Bf4 Rd7 29.Rad1 Rxd1
30.Rxd1 b4 31.cxb4 Ba6 32.b3 Bb5 33.Be3 h5 34.h4 Bf6 35.g3 Kg7 36.Rc1 Be5
37.Bd5 Bb2 38.Rc2 Bf6 39.Bc4 Rb8 40.Bc5 Rd8 41.Kg2 g5 42.hxg5 Bxg5 43.Ra2 h4
44.gxh4 Bxh4 45.Ra7 Bxc4 46.bxc4 Rc8 47.Ra6 Bg5 48.Kf3 Bd2 49.Ke2 Bf4 50.Kd3 Bg5
51.Ke4 Bf6 52.Kf5 Bb2 53.Ra2 Bc3 54.Ra3 Bb2 55.Ra2 Bc3 56.Ra3 Bb2 57.Ra6 Bc3
58.Bd6 Kg8 59.f4 Kg7 60.b5 cxb5 61.cxb5 Rh8 62.Ra3 Rd8 63.Rxc3 Rxd6 64.Rb3 Rb6
65.Ke5 Kf8 66.Kd5 Ke7 67.Kc5 Rb8 68.b6  1-0

[Event "NLD-ch"]
[Site "Leeuwarden"]
[Date "1980.??.??"]
[Round "3"]
[White "Van der Wiel, John TH"]
[Black "Scheeren, Peter"]
[Result "0-1"]
[WhiteElo "2465"]
[BlackElo "2360"]

1.e4 e5 2.Nf3 Nc6 3.Bb5 a6 4.Ba4 Nf6 5.O-O Be7 6.Re1 b5 7.Bb3 O-O 8.c3 d6
9.h3 Bb7 10.d4 Re8 11.dxe5 Nxe5 12.Nxe5 dxe5 13.Qf3 c5 14.Nd2 c4 15.Bc2 Qb6
16.Nf1 g6 17.Nh2 Kg7 18.Ng4 Nxg4 19.hxg4 h6 20.b3 cxb3 21.Bxb3 Rf8 22.Qg3 Qc7
23.Bb2 Rfd8 24.c4 Bf6 25.cxb5 axb5 26.Rac1 Qe7 27.Rc3 Rd2 28.Rec1 Rxb2 29.Rc7 Rc8
30.Rxc8 Bxc8 31.Rxc8 Bh4 32.Qf3 Rxf2 33.Qe3 Rf4 34.Rc2 Qg5 35.Kh2 Qxg4 36.Rc7 h5
37.g3 Rf3  0-1

[Event "NLD-ch"]
[Site "Leeuwarden"]
[Date "1980.??.??"]
[Round "9"]
[White "Kuijpers, Franciscus Antonius"]
[Black "Scheeren, Peter"]
[Result "0-1"]
[WhiteElo "2410"]
[BlackElo "2360"]

1.e4 e5 2.Nf3 Nc6 3.Bb5 a6 4.Ba4 Nf6 5.O-O Be7 6.Re1 b5 7.Bb3 O-O 8.c3 d6
9.h3 Bb7 10.d4 Re8 11.Ng5 Rf8 12.Nf3 Re8 13.Nbd2 Bf8 14.Bc2 g6 15.d5 Nb8
16.a4 Nbd7 17.Nb3 c6 18.dxc6 Bxc6 19.axb5 axb5 20.Bg5 Qc7 21.Qe2 Reb8 22.Nh2 Bg7
23.Bd3 h6 24.Bd2 d5 25.f3 Nh5 26.Nf1 Nf8 27.Nc5 Nf4 28.Bxf4 exf4 29.Kh2 Qb6
30.exd5 Bxd5 31.Ne4 Nd7 32.Qd2 Be6 33.Bc2 Rxa1 34.Rxa1 b4 35.Kh1 bxc3 36.bxc3 Qc7
37.Ra3 Nb6 38.Qe1 Nc4 39.Ra6 Qc8 40.Ra7 Rb2 41.Qa1 Kh7 42.Bd3 Rb6 43.Qe1 Qb8
44.Ra1 Qe5 45.Qh4 Nd6 46.Nfd2 Rb8 47.Re1 Kh8 48.Qf2 Rc8 49.Bb1 Nf5 50.Nf1 Qb5
51.Qd2 Qb8 52.Kh2 Ne3 53.Rc1 f5 54.Nf2 Rxc3 55.Kg1 Nxf1 56.Rxc3 Nxd2  0-1

[Event "Lone Pine"]
[Site "Lone Pine"]
[Date "1980.??.??"]
[Round "8"]
[White "Peters, John A"]
[Black "Reshevsky, Samuel Herman"]
[Result "1-0"]
[WhiteElo "2465"]
[BlackElo "2490"]

1.e4 e5 2.Nf3 Nc6 3.Bb5 a6 4.Ba4 Nf6 5.O-O Be7 6.Re1 b5 7.Bb3 d6 8.c3 O-O
9.h3 Bb7 10.d4 Re8 11.Nbd2 Bf8 12.Bc2 g6 13.a4 Bg7 14.d5 Nb8 15.Bd3 bxa4
16.Bc2 c6 17.c4 Nfd7 18.Bxa4 Nc5 19.Bc2 a5 20.Nb3 Nxb3 21.Bxb3 Na6 22.Ba4 Nb4
23.Bg5 Bf6 24.Be3 Re7 25.Nh2 Bg7 26.dxc6 Nxc6 27.Bg5 f6 28.Bxf6 Bxf6 29.Qd5+ Kg7
30.Bxc6 Bxc6 31.Qxc6 Rc7 32.Qd5 Rc5 33.Qd3 Qc7 34.b3 Rb8 35.Ng4 Bg5 36.Red1 h5
37.Nh2 Qb6 38.Nf3 Be7 39.Rab1 Qc6 40.Nd2 Bg5 41.b4 axb4 42.Nb3 Rd8 43.Nxc5 dxc5
44.Qc2 Rd4 45.Rxd4 exd4 46.Ra1 Qb7 47.Ra5 b3 48.Qb1 Qb4 49.Rb5 Qxc4 50.Rxb3 h4
51.Rf3 Qe6 52.Qb8 Bf6 53.Qc7+ Be7 54.e5 Kh6 55.Qb8 Qd6 56.Qh8+ Kg5 57.Qg7 Bd8
58.Rf8  1-0

[Event "Reykjavik"]
[Site "Reykjavik"]
[Date "1980.??.??"]
[Round "?"]
[White "Vasiukov, Evgeni"]
[Black "Torre, Eugenio"]
[Result "1-0"]
[WhiteElo "2545"]
[BlackElo "2520"]

1.e4 e5 2.Nf3 Nc6 3.Bb5 a6 4.Ba4 Nf6 5.O-O b5 6.Bb3 Be7 7.Re1 d6 8.c3 O-O
9.h3 Bb7 10.d4 Re8 11.Ng5 Rf8 12.Nf3 Re8 13.Nbd2 Bf8 14.Ng5 Re7 15.d5 Nb8
16.Nf1 h6 17.Nf3 c6 18.Ne3 Re8 19.Nh4 Nxe4 20.Nef5 Nf6 21.dxc6 Nxc6 22.Ng6 d5
23.Nxf8 Kxf8 24.Qf3 Re6 25.Be3 Na5 26.Qg3 Ne8 27.Bc5+ Kg8 28.Rxe5 Nxb3 29.Rxe6 fxe6
30.Nxh6+ Kh7 31.Nf7 Qc8 32.Be7 Qd7 33.Qh4+ Kg8 34.Ne5 Qc7 35.Re1 Nd2 36.Ng4 Ne4
37.f3 N4f6 38.Bxf6 Nxf6 39.Nxf6+ gxf6 40.Qxf6 Rf8 41.Qxe6+ Qf7 42.Qg4+ Qg7
43.Qxg7+ Kxg7 44.Re7+ Rf7 45.Rxf7+ Kxf7 46.Kf2 b4 47.Ke3 bxc3 48.bxc3 Ke6
49.h4 Bc6 50.g4 Ba4 51.Kf4 Bd1 52.h5 Kf6 53.Kg3 Kg5 54.f4+ Kf6 55.Kh4 Be2
56.f5 d4 57.cxd4 Bc4 58.a3 a5 59.h6 Bg8 60.Kg3  1-0

[Event "EU-chT"]
[Site "Skara"]
[Date "1980.??.??"]
[Round "1"]
[White "Gruenfeld, Yehuda"]
[Black "Smejkal, Jan"]
[Result "1/2-1/2"]
[WhiteElo "2455"]
[BlackElo "2565"]

1.e4 e5 2.Nf3 Nc6 3.Bb5 a6 4.Ba4 Nf6 5.O-O Be7 6.Re1 b5 7.Bb3 d6 8.c3 O-O
9.h3 Bb7 10.d4 Re8 11.a4 Bf8 12.d5 Nb8 13.axb5 axb5 14.Rxa8 Bxa8 15.Na3 c6
16.Bg5 Nbd7 17.dxc6 Bxc6 18.Nc2 Qa8 19.Bxf6 Nxf6 20.Ng5 d5 21.Ne3 Nxe4 22.Nxf7 Nf6
23.Ng5 h6 24.Nf3 b4 25.Ng4 Nxg4 26.hxg4 bxc3 27.bxc3 e4 28.Nd4 Bb7 29.g5 hxg5
30.Qh5 Re5 31.Nf3 Qe8 32.Qxe8 Rxe8 33.Nxg5 Kh8 34.Rd1 e3 35.fxe3 Bc5 36.Bxd5 Bxe3+
37.Kh1 Bxd5 38.Rxd5 Rc8 39.Ne4 Rc4 40.Re5 Bf4 41.Re8+ Kh7 42.g4 Bc1 43.Re6 g5
44.Kg2 Kg7 45.Kf3 Bf4 46.Rb6 Rc8 47.Rb5 Kg6 48.Rd5 Rh8 49.Rd3 Rc8 50.Kf2 Be5
51.Ke2 Rc4 52.Ke3 Bf4+ 53.Kf3 Rc8 54.Rd1 Rh8 55.Re1 Rh3+ 56.Kf2 Rh2+ 57.Kg1 Rc2
58.Kf1 Be5 59.Re3 Kh6 60.Rf3 Kg6  1/2-1/2

[Event "Sochi"]
[Site "Sochi"]
[Date "1980.??.??"]
[Round "4"]
[White "Tseshkovsky, Vitaly"]
[Black "Balashov, Yuri S"]
[Result "1/2-1/2"]
[WhiteElo "2595"]
[BlackElo "2600"]

1.e4 e5 2.Nf3 Nc6 3.Bb5 a6 4.Ba4 Nf6 5.O-O Be7 6.Re1 b5 7.Bb3 O-O 8.c3 d6
9.h3 Bb7 10.d4 Re8 11.Nbd2 Bf8 12.Bc2 Nb8 13.a4 Nbd7 14.Bd3 c6 15.b3 g6 16.Ba3 Qc7
17.Qc2 Rac8 18.dxe5 dxe5 19.Bxf8 Kxf8 20.b4 c5 21.axb5 axb5 22.bxc5 Qxc5
23.Qb1 Bc6 24.Qb4 Ra8 25.Rxa8 Rxa8 26.Nxe5 Qxb4 27.Nxd7+ Nxd7 28.cxb4 Ne5
29.Bf1 Ra2 30.Rd1 Rb2 31.f4 Nc4 32.Nxc4  1/2-1/2

[Event "SWE-ch"]
[Site "?"]
[Date "1980.??.??"]
[Round "?"]
[White "Svensson, Bengt"]
[Black "Runnby, Jan"]
[Result "1/2-1/2"]
[WhiteElo "2200"]
[BlackElo "2200"]

1.e4 e5 2.Nf3 Nc6 3.Bb5 a6 4.Ba4 Nf6 5.O-O Be7 6.Re1 b5 7.Bb3 d6 8.c3 O-O
9.h3 Bb7 10.d4 Re8 11.Nbd2 Bf8 12.Bc2 g6 13.d5 Nb8 14.b3 c6 15.c4 Nbd7 16.Nf1 Qc7
17.Be3 Rec8 18.Rc1 Qd8  1/2-1/2

[Event "Baden"]
[Site "Vienna"]
[Date "1980.??.??"]
[Round "11"]
[White "Byrne, Robert E"]
[Black "Gligoric, Svetozar"]
[Result "1/2-1/2"]
[WhiteElo "2530"]
[BlackElo "2565"]

1.e4 e5 2.Nf3 Nc6 3.Bb5 a6 4.Ba4 Nf6 5.O-O Be7 6.Re1 b5 7.Bb3 d6 8.c3 O-O
9.h3 Bb7 10.d4 Re8 11.Bg5 Nd7 12.Bxe7 Qxe7 13.Nbd2 Nf6 14.a4 Na5 15.Bc2 c5
16.axb5 axb5 17.d5 c4 18.Qe2 Qc7 19.Ra3 Ra6 20.Rea1 Rea8  1/2-1/2

[Event "Baden"]
[Site "Vienna"]
[Date "1980.??.??"]
[Round "14"]
[White "Adorjan, Andras"]
[Black "Smejkal, Jan"]
[Result "1/2-1/2"]
[WhiteElo "2550"]
[BlackElo "2565"]

1.e4 e5 2.Nf3 Nc6 3.Bb5 a6 4.Ba4 Nf6 5.O-O Be7 6.Re1 b5 7.Bb3 d6 8.c3 O-O
9.h3 Bb7 10.d4 Re8 11.Nbd2 Bf8 12.a3 h6 13.Ba2 Nb8 14.Qb3 Qd7 15.Qc2 c5 16.b4 c4
17.d5 Nh5 18.Nf1 g6 19.Ng3 Nxg3 20.fxg3 a5 21.Be3 Bg7 22.Re2 axb4 23.axb4 f5
24.Rf1 fxe4 25.Nh4 Bxd5 26.Bb1 Qe6 27.Qd2 Kh7 28.Rd1 Ra1 29.Qb2 Ra6 30.Bf2 Bb7
31.Rxe4 d5 32.Rg4 e4 33.Rxg6 Qf7 34.Rxa6 Nxa6 35.g4 Bc8 36.Be3 Qf6 37.g5 hxg5
38.Nf3 Kg8 39.Nxg5 Nc7 40.Rc1 d4 41.Rf1 Qg6 42.cxd4 Nd5 43.Bc1 Bf6 44.Qf2 Qg7
45.Qh4 Nc3 46.Qh5 Rf8 47.Be3 Bxg5 48.Rxf8+ Kxf8 49.Bxg5 Qxd4+ 50.Kh2 Nxb1
51.Bf4 Qf6 52.Be5 Qf5 53.Bd6+ Kg7 54.Be5+ Kf8 55.Bd6+ Kg7 56.Be5+ Kf8 57.Bd6+  1/2-1/2

[Event "Yerevan"]
[Site "Yerevan"]
[Date "1980.??.??"]
[Round "5"]
[White "Vitolinsh, Alvis"]
[Black "Mnatsakanian, Eduard A"]
[Result "1/2-1/2"]
[WhiteElo "2430"]
[BlackElo "2425"]

1.e4 e5 2.Nf3 Nc6 3.Bb5 a6 4.Ba4 Nf6 5.O-O Be7 6.Re1 b5 7.Bb3 d6 8.c3 O-O
9.h3 Bb7 10.d4 Re8 11.Nbd2 Bf8 12.a3 h6 13.Bc2 g6 14.b4 d5 15.dxe5 Nxe5 16.Nxe5 Rxe5
17.f4 Re8 18.e5 Ne4 19.Nxe4 dxe4 20.Be3 Qxd1 21.Raxd1 a5 22.Bd4 Red8 23.Kf2 axb4
24.axb4 Ra2 25.Re2 Be7 26.Rdd2 Ra3 27.Bxe4 Bxe4 28.Rxe4 c5 29.bxc5 Bxc5 30.Ke2 Bxd4
31.Rexd4 Rc8 32.Rd8+ Rxd8 33.Rxd8+ Kg7 34.Rc8 Ra2+ 35.Kf3 Rb2 36.g4 b4 37.c4 b3
38.Ke4 Rb1 39.Kd3 Rh1 40.Rb8 Rxh3+ 41.Kd4 Rf3 42.c5 Rxf4+ 43.Kd5 Rf3 44.c6 Rc3
45.Rb7 Kf8 46.e6 fxe6+ 47.Kd6 Rd3+ 48.Kxe6 Re3+ 49.Kd6 Rd3+ 50.Kc7 h5 51.gxh5 gxh5
52.Kb8 Rd8+ 53.Ka7 Rc8 54.Kb6 b2 55.Kc5 h4 56.Rxb2 Ke7 57.Rb4 Rh8 58.c7 Kd7  1/2-1/2

[Event "Warsaw Cup"]
[Site "Warsaw"]
[Date "1981.06.26"]
[Round "5"]
[White "Petryk, Henryk"]
[Black "Panczyk, Krzysztof"]
[Result "1/2-1/2"]
[WhiteElo "2390"]
[BlackElo "2365"]

1.e4 e5 2.Nf3 Nc6 3.Bb5 a6 4.Ba4 Nf6 5.O-O Be7 6.Re1 b5 7.Bb3 d6 8.c3 O-O
9.h3 Bb7 10.d4 Re8 11.Ng5 Rf8 12.Nf3 Re8 13.a4 h6 14.Nbd2 Bf8 15.Bc2 Nb8
16.dxe5 dxe5 17.Qe2 c6 18.Nf1 Nbd7 19.Ne3 g6 20.Ng4 Nxg4 21.hxg4 Nc5 22.g3 Bc8
23.Rd1 Qe7 24.Nd2 Ra7 25.axb5 cxb5 26.b4 Nd7 27.Nf1 Rc7 28.Ne3 Nb6 29.Bd2 Rd8
30.Bb3 Bb7 31.f3 Rcd7 32.Ra2 Bg7 33.Nf1 Kh7 34.Rda1 Bf6 35.Be3 Nc8 36.Bc5 Qe8
37.Ne3 Be7 38.Nd5 Bxc5+ 39.bxc5 Kg7 40.Qe3 Ne7 41.Nb4 Nc6 42.Rh2 g5 43.Nd5 Ne7
44.Nf6 Kxf6 45.Rxh6+ Ng6 46.Rh5 Nf4 47.gxf4 exf4 48.e5+ Ke7 49.Qe1 Rd3 50.e6 Re3
51.Qb1 Rxf3 52.Qf5 Rg3+ 53.Kf1 Rf3+ 54.Kg1 Rg3+ 55.Kf1 Rf3+  1/2-1/2

[Event "HUN-ch"]
[Site "Budapest"]
[Date "1981.??.??"]
[Round "?"]
[White "Sax, Gyula"]
[Black "Lukacs, Peter"]
[Result "0-1"]
[WhiteElo "2560"]
[BlackElo "2465"]

1.e4 e5 2.Nf3 Nc6 3.Bb5 a6 4.Ba4 Nf6 5.O-O Be7 6.Re1 b5 7.Bb3 O-O 8.c3 d6
9.h3 Bb7 10.d4 Re8 11.Ng5 Rf8 12.dxe5 Nxe5 13.f4 Nc4 14.Bc2 d5 15.b3 Nb6
16.e5 Ne4 17.Nxe4 dxe4 18.Nd2 Bc5+ 19.Kh2 Bf2 20.Re2 e3 21.Nf1 Qh4 22.Bxe3 Bxe3
23.Rxe3 Qxf4+ 24.Kg1 Nd5 25.Re4 Qg5 26.Qf3 Rab8 27.h4 Qe7 28.Qd3 g6 29.Qd4 Rbd8
30.Ree1 c5 31.Qf2 Nxc3 32.Qg3 Nd5 33.a3 Nc7 34.Rad1 Ne6 35.Rd6 Nd4 36.Bd3 Rfe8
37.Rf6 Nc6 38.Rxc6 Bxc6 39.h5 Qe6 40.Bc2 Rd5  0-1

[Event "Lone Pine op"]
[Site "Lone Pine"]
[Date "1981.??.??"]
[Round "?"]
[White "Tarjan, James Edward"]
[Black "Kudrin, Sergey"]
[Result "1/2-1/2"]
[WhiteElo "2530"]
[BlackElo "2425"]

1.e4 e5 2.Nf3 Nc6 3.Bb5 a6 4.Ba4 Nf6 5.O-O Be7 6.Re1 b5 7.Bb3 d6 8.c3 O-O
9.h3 Bb7 10.d4 Re8 11.Nbd2 Bf8 12.Bc2 Nb8 13.b3 Nbd7 14.d5 c6 15.c4 g6 16.Nf1 cxd5
17.cxd5 Bg7 18.Be3 Rc8 19.a4 Qc7 20.Re2 Nc5 21.Ng3 Ra8 22.a5 Rac8 23.b4 Ncd7
24.Ra3 Qd8 25.Qd2 Qe7 26.Re1 Kh8 27.Bb1 Rc7 28.Rf1 Ng8 29.Bd3 Qf8 30.Rc1 Rxc1+
31.Qxc1 Rc8 32.Rc3 h6 33.Ne2 Rxc3 34.Nxc3 Qc8 35.Nxb5 Qxc1+ 36.Bxc1 axb5
37.Bxb5 Nb8 38.Be3 Na6 39.Bd2 Nc7 40.Bc4 Ba6 41.Bxa6 Nxa6 42.b5 Nc7 43.b6 Na6
44.Be3 Nf6 45.Nd2 Kg8 46.Kf1 Kf8 47.Ke2 Ke7 48.Kd3 Kd7 49.Kc4 Kc8 50.Kb5 Kb7
51.f3 Bf8 52.Nc4 Ne8 53.Bc1 f5 54.Ba3 fxe4 55.fxe4 h5 56.Nxe5 dxe5 57.Bxf8 Nf6
58.Bd6 Nd7 59.Be7 Nab8 60.Ba3 Na6 61.Bd6 Nf6 62.Bxe5 Nxe4 63.h4 Nec5 64.Kc4 Ne4
65.d6 Nec5 66.Kd5 Nd7 67.Bd4 Nab8 68.Ke6 Ka6 69.Bc3 Nc5+ 70.Kf7 Ne4 71.Be1 g5
72.Ke7 gxh4 73.d7 Nc6+ 74.Ke6 Kb7 75.Bxh4 Nc5+ 76.Kd6 Nxd7 77.Kxd7 Nxa5 78.Bf2 Nc6
79.Ke6 Nb4 80.Kf5 Nd3 81.Be3 Ne1 82.g3 Nf3 83.Kf4 Nh2 84.Bf2 Nf1 85.Kf3 Kc6
86.Be3 Kb7 87.Kf2 Nh2 88.Kg2 Ng4 89.Bd4 Kc6 90.Kh3 Nh6 91.Bg1 Nf5 92.Kg2 Nd6
93.Kf3 Nc4 94.Ke2 Nxb6 95.Bxb6 Kxb6 96.Kf3 Kc6 97.Kf4 h4 98.g4 Kd6 99.g5 Ke6
100.Kg4 h3 101.Kxh3 Kf5  1/2-1/2

[Event "Moscow-ch"]
[Site "Moscow"]
[Date "1981.??.??"]
[Round "10"]
[White "Vasiukov, Evgeni"]
[Black "Psakhis, Lev"]
[Result "1/2-1/2"]
[WhiteElo "2545"]
[BlackElo "2500"]

1.e4 e5 2.Nf3 Nc6 3.Bb5 a6 4.Ba4 Nf6 5.O-O Be7 6.Re1 b5 7.Bb3 d6 8.c3 O-O
9.h3 Bb7 10.d4 Re8 11.Ng5 Rf8 12.a4 h6 13.Nf3 Re8 14.Nbd2 Bf8 15.Bc2 exd4
16.cxd4 Nb4 17.Bb1 Nd7 18.Nb3 c5 19.Bd2 Nc6 20.d5 Nce5 21.Na5 Qb6 22.Nxb7 Qxb7
23.Bc2 g6 24.Nxe5 Nxe5 25.b3 Bg7 26.Be3 Nd7 27.Rb1 Qc7 28.Qd2 Kh7 29.Bd3 bxa4
30.bxa4 c4 31.Rec1 c3 32.Qe2 Nc5 33.Bxc5 Qxc5 34.Rb7 Ra7 35.Rcb1 Re7 36.R7b4 Rac7
37.Rc4 Qa3 38.Rxc7 Rxc7 39.Qc2 a5  1/2-1/2

[Event "Nis"]
[Site "Nis"]
[Date "1981.??.??"]
[Round "3"]
[White "Georgiev, Krum"]
[Black "Sinadinovic, Andjelko"]
[Result "1-0"]
[WhiteElo "2485"]
[BlackElo "2200"]

1.e4 e5 2.Nf3 Nc6 3.Bb5 a6 4.Ba4 Nf6 5.O-O Be7 6.Re1 b5 7.Bb3 d6 8.c3 O-O
9.h3 Bb7 10.d4 Re8 11.Nbd2 Bf8 12.Bc2 g6 13.d5 Nb8 14.b3 c6 15.c4 Nbd7 16.a4 b4
17.Nf1 c5 18.Bg5 h6 19.Bd2 Nh5 20.N3h2 Bg7 21.Qc1 Nf4 22.h4 Qf6 23.Be3 Bc8
24.g3 Nh3+ 25.Kg2 Nf8 26.Nf3 Kh7 27.N1h2 Qd8 28.Rh1 Qd7 29.Rb1 h5 30.Kf1 Kg8
31.Ke2 Nh7 32.Qf1 f6 33.Qg2 g5 34.Rbf1 g4 35.Ng1 Nxg1+ 36.Rhxg1 Qf7 37.f3 Qg6
38.fxg4 hxg4 39.Rf5 Bh6 40.Bxh6 Bxf5 41.exf5 Qxh6 42.Nxg4 Qh5 43.Qe4 Kh8
44.Bd1 Rg8 45.Kd3 Rxg4 46.Bxg4 Qh6 47.Qe3 Kg7 48.Qe2 Rg8 49.Bh5 Nf8 50.Be8 a5
51.Qg4+ Kh7 52.Qh5 Qxh5 53.Bxh5 Kh6 54.g4 Rg7 55.Be8 Rg8 56.Ke4 Nh7 57.Bg6 Nf8
58.g5+ Kg7 59.Be8 Rh8 60.Rg4 Nh7 61.Bd7 Nf8 62.Be6 Rh7 63.Kf3 Rh8 64.Kg2 Rh7
65.Kf3 Rh8 66.Kf2 Rh5 67.gxf6+ Kxf6 68.Rg8 Nh7 69.Rg6+ Ke7 70.Rg7+ Ke8 71.Kg3 Nf6
72.Ra7 Rh7 73.Rxa5 Rg7+ 74.Kf2 Rg4 75.Ra8+ Ke7 76.Ra7+ Ke8 77.h5 Rf4+ 78.Ke2 Re4+
79.Kd2 Rd4+ 80.Kc1 Rh4 81.Rf7 Ne4 82.f6 Rh1+ 83.Kc2 Rxh5 84.Re7+ Kf8 85.Rb7 Rh2+
86.Kd3 Nxf6 87.Rf7+ Ke8 88.Rxf6 Rb2 89.Bf5 Rxb3+ 90.Kd2 Rc3 91.Re6+ Kd7 92.Rxe5+ Kd8
93.Re4 Ra3 94.Re6 Kc7 95.Re7+ Kb6 96.Bc2 b3 97.Re3 Rxa4 98.Rxb3+ Ka6 99.Rb6+  1-0

[Event "Nis"]
[Site "Nis"]
[Date "1981.??.??"]
[Round "7"]
[White "Matulovic, Milan"]
[Black "Tringov, Georgi P"]
[Result "1/2-1/2"]
[WhiteElo "2495"]
[BlackElo "2470"]

1.e4 e5 2.Nf3 Nc6 3.Bb5 a6 4.Ba4 Nf6 5.O-O Be7 6.Re1 b5 7.Bb3 d6 8.c3 O-O
9.h3 Bb7 10.d3 Nd7 11.Nbd2 Nc5 12.Bc2 Ne6 13.a4 Bf6 14.Nf1 g6 15.Bh6 Bg7
16.Bxg7 Kxg7 17.axb5 axb5 18.Rxa8 Bxa8 19.d4 Ng5 20.Nxg5 Qxg5 21.d5 Ne7 22.Qd3 Rb8
23.Ra1 Ng8 24.Ra5 Qc1 25.b4 Nf6 26.f3 Nh5 27.Kf2 Nf4 28.Qd2 Qxd2+ 29.Nxd2 c6
30.g3 Nh5 31.dxc6 Bxc6 32.Ra7 Nf6 33.Rc7 Bd7 34.Bb3 Rc8 35.Rxc8 Bxc8 36.h4 Kf8
37.Nb1 Ke7 38.Na3 Bd7 39.Bc2 Ne8 40.Bd3 Nc7 41.c4 bxc4 42.Bxc4 Bc6  1/2-1/2

[Event "Sarajevo"]
[Site "Sarajevo"]
[Date "1981.??.??"]
[Round "9"]
[White "Kurajica, Bojan"]
[Black "Jansa, Vlastimil"]
[Result "1/2-1/2"]
[WhiteElo "2495"]
[BlackElo "2460"]

1.e4 e5 2.Nf3 Nc6 3.Bb5 a6 4.Ba4 Nf6 5.O-O Be7 6.Re1 b5 7.Bb3 d6 8.c3 O-O
9.h3 Bb7 10.d4 Re8 11.Nbd2 Bf8 12.d5 Nb8 13.Nf1 Nbd7 14.Bc2 c6 15.dxc6 Bxc6
16.N3h2  1/2-1/2

[Event "BUL-ch"]
[Site "Sofia"]
[Date "1981.??.??"]
[Round "2"]
[White "Georgiev, Krum"]
[Black "Radev, Nikolai"]
[Result "1-0"]
[WhiteElo "2485"]
[BlackElo "2335"]

1.e4 e5 2.Nf3 Nc6 3.Bb5 a6 4.Ba4 Nf6 5.O-O Be7 6.Re1 b5 7.Bb3 d6 8.c3 O-O
9.h3 Bb7 10.d4 Re8 11.Nbd2 Bf8 12.Bc2 g6 13.d5 Nb8 14.b3 c6 15.c4 Qc7 16.a4 bxc4
17.bxc4 Nbd7 18.Nb3 Nc5 19.Nxc5 dxc5 20.a5 cxd5 21.cxd5 c4 22.Ba4 Rec8 23.Rb1 Bd6
24.Bg5 Nd7 25.Bxd7 Qxd7 26.Bf6 Re8 27.Qc1 Qc7 28.Qc3 Bc8 29.Rb6 Bd7 30.Rxd6 Qxd6
31.Bxe5 Qf8 32.Bd4 Rac8 33.Ne5 Rc7 34.Qg3 Rb7 35.Qf3 f6 36.Nxc4 Rb4 37.Nb6 Bf5
38.Qd3 Qd6 39.g4 Bxg4 40.hxg4 Qf4 41.Kf1  1-0

[Event "URS-FL49"]
[Site "Volgodonsk"]
[Date "1981.??.??"]
[Round "13"]
[White "Vasiukov, Evgeni"]
[Black "Timoshchenko, Gennadi A"]
[Result "1-0"]
[WhiteElo "2545"]
[BlackElo "2505"]

1.e4 e5 2.Nf3 Nc6 3.Bb5 a6 4.Ba4 Nf6 5.O-O Be7 6.Re1 b5 7.Bb3 d6 8.c3 O-O
9.h3 Bb7 10.d4 Re8 11.Nbd2 Bf8 12.a3 h6 13.Bc2 Nb8 14.b3 Nbd7 15.Bb2 g6 16.a4 Bg7
17.Qb1 d5 18.axb5 axb5 19.exd5 Nxd5 20.c4 Nf4 21.Be4 Bxe4 22.Qxe4 bxc4 23.bxc4 Rb8
24.Ra2 g5 25.g3 Ng6 26.d5 Rf8 27.Bc3 f5 28.Qc2 Ra8 29.Rxa8 Qxa8 30.Ra1 Qb7
31.Nb3 Qb6 32.Ra5 c5 33.Qa2 Rb8 34.Nfd2 Qd6 35.Ra6 Rb6 36.Rxb6 Qxb6 37.Qa8+ Bf8
38.Qe8 Qd6 39.Nf1 Ne7 40.Na5 Nf6 41.Qa8 Ne4 42.Nb7 Qf6 43.Be1 f4 44.g4 Ng6
45.f3 Ng3 46.Qe8 Nh4 47.Bxg3 fxg3 48.Qe6+ Qxe6 49.dxe6 Nxf3+ 50.Kg2 Nd4 51.Nd8 Be7
52.Nf7 Nxe6 53.Nxh6+ Kf8 54.Nd2 Nf4+ 55.Kxg3 Ne2+ 56.Kf3 Nf4 57.Ke4 Nxh3
58.Kxe5 Nf2 59.Ne4 Nd3+ 60.Ke6 Ke8 61.Ng8 Bd8 62.Ngf6+ Bxf6 63.Nxf6+ Kd8
64.Ne4 Ke8 65.Kd6 Kf8 66.Nxc5 Nf2 67.Nd7+ Kf7 68.Ne5+ Kf6 69.Kd5 Nd1 70.c5 Nc3+
71.Kc4 Ne4 72.Nd3 Ke6 73.Kd4 Nf6 74.Nf2 Ke7 75.c6 Ke6 76.Kc5 Ke7 77.Kb6 Kd6
78.Nh3 Nd5+ 79.Kb7 Ke5 80.Nxg5 Kf4 81.Nh7 Nc3 82.g5 Kf5 83.c7  1-0

[Event "Hoogovens"]
[Site "Wijk aan Zee"]
[Date "1981.??.??"]
[Round "?"]
[White "Sax, Gyula"]
[Black "Torre, Eugenio"]
[Result "1/2-1/2"]
[WhiteElo "2560"]
[BlackElo "2550"]

1.e4 e5 2.Nf3 Nc6 3.Bb5 a6 4.Ba4 Nf6 5.O-O Be7 6.Re1 b5 7.Bb3 d6 8.c3 O-O
9.h3 Bb7 10.d4 Re8 11.a4 h6 12.Nbd2 Bf8 13.Bc2 Nb8 14.Bd3 c6 15.b3 Nbd7 16.Bb2 g6
17.Qc2 Bg7 18.c4 exd4 19.cxb5 c5 20.b4 cxb4 21.bxa6 Bxa6 22.Bxa6 Rxa6 23.Nxd4 Qa8
24.Nb5 Rc8 25.Qd1 Nc5 26.Qf3 Ne8 27.Bxg7 Kxg7 28.Nc4 Nxa4 29.Qb3 Qc6 30.Ncxd6 Nxd6
31.Nxd6 Qxd6 32.Rxa4 Rxa4 33.Qxa4 Qd2 34.Qa1+ Kg8 35.Qd1 Qxd1 36.Rxd1 b3
37.Rb1 Rb8 38.Kf1 Kf8 39.Ke2 Ke7 40.Kd3 Kd6 41.Kc3 Ke5 42.Rxb3 Rxb3+ 43.Kxb3 Kxe4
44.Kc3 h5 45.Kd2  1/2-1/2

[Event "Yerevan"]
[Site "Yerevan"]
[Date "1981.??.??"]
[Round "5"]
[White "Deev, Andrei"]
[Black "Klovsky, Rafail"]
[Result "1/2-1/2"]
[WhiteElo "2200"]
[BlackElo "2200"]

1.e4 e5 2.Nf3 Nc6 3.Bb5 a6 4.Ba4 Nf6 5.O-O Be7 6.Re1 b5 7.Bb3 d6 8.c3 O-O
9.h3 Bb7 10.d4 Re8 11.a4 Bf8 12.Nbd2 h6 13.Bc2 exd4 14.cxd4 Nb4 15.Bb1 c5
16.d5 Nd7 17.axb5 axb5 18.Rxa8 Qxa8  1/2-1/2

[Event "Beersheba"]
[Site "Beersheba"]
[Date "1982.??.??"]
[Round "12"]
[White "Liberzon, Vladimir M"]
[Black "Greenfeld, Alon"]
[Result "1-0"]
[WhiteElo "2465"]
[BlackElo "2305"]

1.e4 e5 2.Nf3 Nc6 3.Bb5 a6 4.Ba4 Nf6 5.O-O Be7 6.Re1 b5 7.Bb3 d6 8.c3 O-O
9.h3 Bb7 10.d4 Re8 11.Nbd2 Bf8 12.a3 h6 13.Bc2 Nb8 14.b4 Nbd7 15.Bb2 c5 16.bxc5 exd4
17.cxd6 dxc3 18.Bxc3 Bxd6 19.e5 Qc7 20.Rc1 Bxa3 21.Bb2 Bc5 22.exf6 Qb6 23.Rxe8+ Rxe8
24.Ne4 Bxe4 25.Qxd7  1-0

[Event "Wch U20"]
[Site "Copenhagen"]
[Date "1982.??.??"]
[Round "8"]
[White "Horvath, Jozsef"]
[Black "Hjartarson, Johann"]
[Result "1/2-1/2"]
[WhiteElo "2330"]
[BlackElo "2400"]

1.e4 e5 2.Nf3 Nc6 3.Bb5 a6 4.Ba4 Nf6 5.O-O Be7 6.Re1 b5 7.Bb3 d6 8.c3 O-O
9.h3 Bb7 10.d4 Qd7 11.Bg5 Rae8 12.Nbd2 Bd8 13.a4 exd4 14.axb5 axb5 15.cxd4 Nb4
16.e5 Nfd5 17.Ne4 Bxg5 18.Nexg5 dxe5 19.dxe5 c5 20.Bc2 f5 21.exf6 gxf6 22.Rxe8 Rxe8
23.Bxh7+ Kg7 24.Qb1 Nf4 25.Bf5 Qd5 26.Be6 Qd3 27.Qxd3 Nbxd3 28.Ra7 Re7 29.Bc8 fxg5
30.Rxb7 Rxb7 31.Bxb7 Nxb2 32.Nxg5 c4 33.Be4 b4 34.Kf1 c3 35.Bc2 Nc4 36.g3 b3
37.Bxb3 Nd2+ 38.Ke1 Nxb3 39.Kd1 Ne2 40.Ne4 Nbd4  1/2-1/2

[Event "CSR-ch"]
[Site "Frenstat"]
[Date "1982.??.??"]
[Round "10"]
[White "Mokry, Karel"]
[Black "Franzen, Josef"]
[Result "1-0"]
[WhiteElo "2420"]
[BlackElo "2370"]

1.e4 e5 2.Nf3 Nc6 3.Bb5 a6 4.Ba4 Nf6 5.O-O Be7 6.Re1 b5 7.Bb3 d6 8.c3 O-O
9.h3 Bb7 10.d4 Re8 11.Nbd2 Bf8 12.a3 h6 13.Bc2 Nb8 14.b4 Nbd7 15.Bb2 c5 16.bxc5 exd4
17.cxd4 dxc5 18.d5 Qc7 19.Rc1 Rac8 20.Bb1 Bd6 21.Nf1 Bf4 22.Rc3 Ne5 23.g3 Nxf3+
24.Rxf3 Be5 25.Bxe5 Qxe5 26.Rfe3 c4 27.Nh2 Qd6 28.Qc2 g6 29.Nf3 Qc5 30.Qc3 Nd7
31.Nh2 Qf8 32.Ng4 Qg7 33.e5 h5 34.Nf6+ Nxf6 35.exf6 Rxe3 36.Rxe3 Qf8 37.Re7 Bxd5
38.Bxg6 Qh6 39.Bf5 Rd8 40.f4 h4 41.Qe5 Bc6 42.g4 Qf8 43.Be6 Rd1+ 44.Kf2  1-0